Historia de la locura en la época clásica
Guardado en:
| Autor principal: | |
|---|---|
| Formato: | Libro |
| Lenguaje: | español |
| Publicado: |
Ciudad de México
Fondo de Cultura Económica
1967
|
| Edición: | 1a. ed |
| Colección: | Breviarios del Fondo de Cultura Económica, 191
|
| Materias: | |
| Etiquetas: |
Agregar Etiqueta
Sin Etiquetas, Sea el primero en etiquetar este registro!
|
MARC
| LEADER | 00000cam a2200000 a 4500 | ||
|---|---|---|---|
| 001 | UCP5347 | ||
| 003 | CL-VaPUC | ||
| 008 | 990903e19670000MX |||||||||||||||||spa|d | ||
| 020 | |a 9789505570799 | ||
| 082 | 0 | 4 | |a 616.89 |b FOU |2 21 |
| 100 | |a Foucault, Michel |e author |9 257945 | ||
| 245 | 1 | 0 | |a Historia de la locura en la época clásica |
| 250 | |a 1a. ed | ||
| 300 | |a 2 v | ||
| 942 | |c BK | ||
| 945 | |d 19990903 00:00:00 |a lriquelm | ||
| 260 | |a Ciudad de México |b Fondo de Cultura Económica |c 1967 | ||
| 650 | 0 | |a Enfermedades mentales |9 310204 | |
| 650 | 0 | |a Historia |9 255047 | |
| 650 | 0 | |a Neurosis |9 312889 | |
| 650 | 7 | |a ENFERMOS MENTALES |2 CL-VaPUC |9 343473 | |
| 650 | 0 | |a Psiquiatría |9 308427 | |
| 650 | 0 | |a Sueño |9 334635 | |
| 650 | 7 | |a SIGLOS 15-17 |2 CL-VaPUC |9 378177 | |
| 583 | |a last modification |c 20120829 02:11:38 |k Rodrigo Vera | ||
| 490 | 0 | |a Breviarios del Fondo de Cultura Económica, 191 | |
| 999 | |c 283114 |d 283112 | ||
| 952 | |0 0 |1 0 |4 0 |6 616_890000000000000_FOU_1967 |7 0 |8 A |9 325909 |a BIBHIS |b BIBHIS |d 2019-11-20 |h v.1 |i 1368974 |o 616.89 FOU 1967 |p 1368974 |r 2025-01-20 |w 2019-11-20 |y BK |k HIS | ||
| 952 | |0 0 |1 0 |4 0 |6 616_890000000000000_FOU_1967 |7 0 |8 A |9 325910 |a BIBHIS |b BIBHIS |d 2019-11-20 |h v.2 |i 1368982 |o 616.89 FOU 1967 |p 1368982 |r 2025-01-20 |w 2019-11-20 |y BK |k HIS | ||
| 952 | |0 0 |1 0 |4 0 |6 616_890000000000000_FOU_1967 |7 0 |8 R |9 325911 |a BIBEDU |b BIBEDU |c MCIRC |d 2019-11-20 |h v.1 |i 4900049 |l 1 |m 1 |o 616.89 FOU 1967 |p 4900049 |r 2023-01-13 |s 2022-06-23 |w 2019-11-20 |y BK_R |k PSI | ||
| 952 | |0 0 |1 0 |4 0 |6 616_890000000000000_FOU_1967 |7 0 |8 R |9 325912 |a BIBEDU |b BIBEDU |c MCIRC |d 2019-11-20 |h v.1 |i 4900057 |l 2 |m 2 |o 616.89 FOU 1967 |p 4900057 |r 2024-10-18 |s 2024-10-16 |w 2019-11-20 |y BK_R |k PSI | ||
| 952 | |0 0 |1 0 |4 0 |6 616_890000000000000_FOU_1967 |7 0 |8 R |9 325913 |a BIBEDU |b BIBEDU |c MCIRC |d 2019-11-20 |h v.2 |i 4900065 |l 1 |m 2 |o 616.89 FOU 1967 |p 4900065 |r 2023-01-13 |s 2022-05-31 |w 2019-11-20 |y BK_R |k PSI | ||
| 952 | |0 0 |1 0 |4 0 |6 616_890000000000000_FOU_1967 |7 0 |8 R |9 325914 |a BIBEDU |b BIBEDU |c MCIRC |d 2019-11-20 |h v.2 |i 4900073 |l 2 |m 1 |o 616.89 FOU 1967 |p 4900073 |r 2024-10-16 |s 2024-10-14 |w 2019-11-20 |y BK_R |k PSI | ||